000 00735nam a2200217Ia 4500
003 GCL
008 140319s9999 xx 000 0 ara d
040 _aGCL /
_cGCL
082 0 4 _aد
_b913.031
_bع م
100 1 _aحسن الباشا
245 1 0 _aمجلة كلية الاثار: مجلة سنوية فى اثار وحضارة مصر والشرق /
_cحسن الباشا
700 1 _aعلى رضوان (اعداد)
260 _a[S.N] :
_bجامعة القاهرة ،
_c1991
300 _a437
490 _a
650 0 4 _aالحضارة الفرعونية
650 0 4 _aالاثار الفرعونية
650 0 4 _aالعمارة المصرية القديمة
650 0 4 _aالاثار الشرقية
942 _2ddc
_cBK
999 _c30682
_d30682